Electric machinery and transformers (Record no. 440)

000 -LEADER
fixed length control field 00469nam a2200193 4500
001 - CONTROL NUMBER
control field 440
003 - CONTROL NUMBER IDENTIFIER
control field BD-DhUET
008 - FIXED-LENGTH DATA ELEMENTS--GENERAL INFORMATION
fixed length control field 140721b xxu||||| |||| 00| 0 eng d
020 ## - INTERNATIONAL STANDARD BOOK NUMBER
International Standard Book Number 81203007755
040 ## - CATALOGING SOURCE
Transcribing agency 0
Modifying agency BD-DhUET
082 ## - DEWEY DECIMAL CLASSIFICATION NUMBER
Classification number 623.1042
Item number KOS/1991
100 ## - MAIN ENTRY--PERSONAL NAME
Personal name Kosow, Irving L.
245 ## - TITLE STATEMENT
Title Electric machinery and transformers
250 ## - EDITION STATEMENT
Edition statement 2nd ed.
260 ## - PUBLICATION, DISTRIBUTION, ETC. (IMPRINT)
Place of publication, distribution, etc. New Delhi
Name of publisher, distributor, etc. Prentice-Hall
Date of publication, distribution, etc. 1991
300 ## - PHYSICAL DESCRIPTION
Extent xiv,626p.
650 #0 - SUBJECT ADDED ENTRY--TOPICAL TERM
Topical term or geographic name as entry element Electric machinery
942 ## - ADDED ENTRY ELEMENTS (KOHA)
Koha item type General Book
Holdings
Date acquired Sublocation or collection (holding branch) Shelving location Price effective from Damaged status Withdrawn status Koha item type Lost status Koha full call number Koha issues (times borrowed) Location (home branch) Koha normalized classification for sorting Piece designation (barcode) Copy number Koha date last borrowed Koha date last seen Source of classification or shelving scheme Not for loan
2014-07-21Central Library, BUETCirculation section2014-07-21  General Book 623.1042/KOS/1991 Central Library, BUET623_104200000000000_KOS_19911036801 2014-07-21  
2014-07-21Central Library, BUETCirculation section2014-07-21  General Book 623.1042/KOS/1991 Central Library, BUET623_104200000000000_KOS_19911036812 2016-12-07  
2014-07-21Central Library, BUETCirculation section2014-07-21  General Book 623.1042/KOS/19911Central Library, BUET623_104200000000000_KOS_199110368232021-12-052021-12-15  
2014-07-21Central Library, BUETCirculation section2014-07-21  General Book 623.1042/KOS/1991 Central Library, BUET623_104200000000000_KOS_19911036834 2014-07-21  
2014-07-21Central Library, BUETCirculation section2014-07-21  General Book 623.1042/KOS/1991 Central Library, BUET623_000000000000000_1042KOS1991036845 2014-07-21  
2014-07-21Central Library, BUETCirculation section2014-07-21  General Book 623.1042/KOS/1991 Central Library, BUET623_104200000000000_KOS_19911036856 2014-07-21  
2014-07-21Central Library, BUETCirculation section2014-07-21  General Book 623.1042/KOS/1991 Central Library, BUET623_104200000000000_KOS_19911036867 2014-07-21  
2014-07-21Central Library, BUETCirculation section2014-07-21  General Book 623.1042/KOS/1991 Central Library, BUET623_000000000000000_1042KOS1991036888 2016-11-29  
2014-07-21Central Library, BUETCirculation section2014-07-21  General Book 623.1042/KOS/1991 Central Library, BUET623_104200000000000_KOS_19911036899 2017-03-11